00339nam a22001097a 4500082002500000100003700025245007200062260003000134300001000164650002200174650003300196 aTNC A84X54 In2/ 1986 aResearch and Reference Division  aIndia 1986 :bA reference annual cResearch and Reference Division  aNew DelhibDivisionc1987 a772p. aIndia - yearbook  aIndia handbook, manuals etc.